| 000 | 01512nam a22001457a 4500 | ||
|---|---|---|---|
| 999 |
_c531550 _d531550 |
||
| 008 | 250915b ||||| |||| 00| 0 eng d | ||
| 100 |
_aHollingsworth, Kathryn _956752 |
||
| 245 | _aKinder hustice: Communicating legitimacy to children in sentencing courts | ||
| 260 | _aSocial and Legal Studies | ||
| 300 | _a34(4), Aug, 2025: p.532-557 | ||
| 520 | _aThis article examines the impact and significance to child defendants in England and Wales of sentence communication. Drawing on a qualitative study with justice-experienced children, I suggest that how sentences are delivered matters deeply to children's perceptions of legitimacy in three ways that coalesce around the concept I call ‘kinder justice’. First, legitimacy is enhanced by approaches that communicate care (invoking kinder as a verb); second, children want recognition of their status as a child (employing kinder as a noun); and third, children value sentencing remarks that reflect their family's (kin's) version of the child's self, not the ‘proper criminal’ they feel portrayed as in court. Together, drawing on Honneth's theory of recognition, I argue these three forms of kinder justice highlight the importance of recognitional justice during the sentencing process.- Reproduced https://journals.sagepub.com/doi/full/10.1177/09646639241268921 | ||
| 650 |
_aSentencing, Sentencing remakes, Child defendants, Legitimacy, Recognition, Theory, Communication. _956753 |
||
| 773 | _aSocial and Legal Studies | ||
| 942 | _cAR | ||